00641nam a22001697a 450000500170000000800410001704100130005808200130007110000130008424500400009726000870013730000320022465000260025694200240028299900150030695201500032120240605085121.0240605b |||||||| |||| 00| 0 eng d aEnglish  a349 LAW  lEnglish  aThe Law Reports: Chancery Division  aLondon: bThe Incorporated Council of Law Reporting for England and Wales, c1958  bxxxii, 939 pages; c25 cm.  aLegal practice bLaw  cBK6ALISON_BN_VRIES c1865d1865 00102ddc406349_000000000000000_LAW708ALLENG93882aLSNbLSNcCDd2024-06-05l0o349 LAW pLSN/2023/2010r2025-04-07 00:00:00w2024-06-05yBK